|
|
|
|
| LEADER |
00000cam a22000004a 4500 |
| 001 |
musev2_65718 |
| 003 |
MdBmJHUP |
| 005 |
20230905050750.0 |
| 006 |
m o d |
| 007 |
cr||||||||nn|n |
| 008 |
150813s2008 ksu o 00 0 eng d |
| 020 |
|
|
|a 9780700628094
|
| 020 |
|
|
|z 9780700615841
|
| 035 |
|
|
|a (OCoLC)1132227807
|
| 040 |
|
|
|a MdBmJHUP
|c MdBmJHUP
|
| 100 |
1 |
|
|a Weinberger, Jerry.
|0 (DE-588)151404968
|
| 245 |
1 |
0 |
|a Benjamin Franklin Unmasked :
|b On the Unity of His Moral, Religious, and Political Thought /
|c Jerry Weinberger.
|
| 264 |
|
1 |
|a Lawrence, Kan. :
|b Univ. Press of Kansas,
|c 2008.
|
| 264 |
|
3 |
|a Baltimore, Md. :
|b Project MUSE,
|c 2020
|
| 264 |
|
4 |
|c ©2008.
|
| 300 |
|
|
|a 1 online resource (352 pages):
|b Illustrationen.
|
| 336 |
|
|
|a text
|b txt
|2 rdacontent
|
| 337 |
|
|
|a computer
|b c
|2 rdamedia
|
| 338 |
|
|
|a online resource
|b cr
|2 rdacarrier
|
| 490 |
0 |
|
|a American political thought
|
| 588 |
|
|
|a Description based on print version record.
|
| 600 |
1 |
7 |
|a Franklin, Benjamin,
|d 1706-1790.
|0 (DE-588)118534912
|2 gnd
|
| 650 |
0 |
7 |
|a Religion.
|0 (DE-588)4049396-9
|2 gnd
|
| 650 |
0 |
7 |
|a Politik.
|0 (DE-588)4046514-7
|2 gnd
|
| 650 |
0 |
7 |
|a Gesellschaft.
|0 (DE-588)4020588-5
|2 gnd
|
| 655 |
|
7 |
|a Electronic books.
|2 local
|
| 710 |
2 |
|
|a Project Muse.
|e distributor
|
| 830 |
|
0 |
|a Book collections on Project MUSE.
|
| 856 |
4 |
0 |
|z Texto completo
|u https://projectmuse.uam.elogim.com/book/65718/
|
| 945 |
|
|
|a Project MUSE - Custom Collection
|
| 945 |
|
|
|a Project MUSE - Archive Complete Supplement VIII
|
| 945 |
|
|
|a Project MUSE - Archive History Supplement VIII
|